[Event "TCh-CZE Liga 1 Zapad"]
[Site "Czech Rep CZE"]
[Date "2012.02.12"]
[Round "8.3"]
[White "Korinek,O"]
[Black "Meduna,E1"]
[Result "1/2-1/2"]
[WhiteTitle "FM"]
[BlackTitle "GM"]
[WhiteElo "2335"]
[BlackElo "2420"]
[WhiteTeam "TJ Slavia Hradec Kralove"]
[BlackTeam "SK AD Jicin"]
[WhiteFideId "319856"]
[BlackFideId "300055"]
[EventDate "2011.10.02"]

1. e4 c6 2. d4 d5 3. Nc3 dxe4 4. Nxe4 Nd7 5. Ng5 Ngf6 6. Bd3 e6 7. N1f3 Bd6 8.
Qe2 h6 9. Ne4 Nxe4 10. Qxe4 Qc7 11. Bd2 b6 12. O-O-O Bb7 13. Qe2 O-O-O 14. Rhe1
Bf4 15. Kb1 Bxd2 16. Rxd2 Kb8 17. Red1 Rhe8 18. Ne5 Nxe5 1/2-1/2

[Event "TCh-CZE Liga 1 Zapad"]
[Site "Czech Rep CZE"]
[Date "2012.02.12"]
[Round "8.4"]
[White "Jurek,J"]
[Black "Mozny,M"]
[Result "1/2-1/2"]
[WhiteTitle "IM"]
[BlackTitle "IM"]
[WhiteElo "2337"]
[BlackElo "2346"]
[WhiteTeam "SK AD Jicin"]
[BlackTeam "TJ Slavia Hradec Kralove"]
[WhiteFideId "300993"]
[BlackFideId "300454"]
[EventDate "2011.10.02"]

1. d4 d5 2. c4 c6 3. Nf3 Nf6 4. e3 e6 5. Bd3 Nbd7 6. O-O Bd6 7. Nc3 O-O 8. e4
dxe4 9. Nxe4 Nxe4 10. Bxe4 h6 11. Bc2 Re8 12. Re1 Nf8 13. a3 a5 14. Bd2 c5 15.
dxc5 Bxc5 16. b4 Bb6 17. Bc3 Bd7 18. Ne5 Rc8 19. c5 Bc7 20. Nxd7 Qxd7 21. Ba4
Qxd1 22. Raxd1 axb4 23. axb4 Red8 24. g3 Ng6 25. Bc2 Ne7 26. Be4 b6 27. Kf1 bxc5
28. bxc5 Kf8 29. Rxd8+ Bxd8 30. Rd1 Ke8 31. Bxg7 Rxc5 32. h4 h5 33. Bd4 Ra5 34.
Ra1 Nf5 35. Rxa5 Bxa5 36. Bf6 Kf8 37. Bf3 Ng7 38. Ke2 Bb6 39. Be5 Kg8 40. Bc6
Kh7 41. Be4+ f5 42. Bc6 Kg6 43. f3 Kf7 44. Kd3 Ne8 45. Kc4 Nf6 46. Kb5 Bf2 47.
Ka6 Nh7 48. Bb5 Nf8 49. Bc7 Ng6 50. Bd3 Bd4 51. Kb5 Be5 52. Bxe5 Nxe5 53. Be2 f4
54. gxf4 Ng6 55. Kc5 Nxf4 56. Bc4 Kf6 57. Kd6 e5 58. Bb5 Ne6 59. Be2 Nd4 60. Bd1
Nf5+ 61. Kc5 Ne3 62. Be2 Ng2 63. Kd6 Nxh4 64. f4 e4 65. Bxh5 Kf5 66. Be8 Kxf4
67. Kd5 e3 68. Bb5 1/2-1/2

[Event "TCh-CZE Liga 1 Zapad"]
[Site "Czech Rep CZE"]
[Date "2012.02.12"]
[Round "8.5"]
[White "Rosko,L"]
[Black "Fiala,Jar"]
[Result "1/2-1/2"]
[WhiteTitle "FM"]
[WhiteElo "2322"]
[BlackElo "2235"]
[WhiteTeam "TJ Slavia Hradec Kralove"]
[BlackTeam "SK AD Jicin"]
[WhiteFideId "321192"]
[BlackFideId "309893"]
[EventDate "2011.10.02"]

1. d4 d5 2. c4 e5 3. dxe5 d4 4. Nf3 Nc6 5. a3 Bg4 6. Nbd2 Qe7 7. h3 Bxf3 8. Nxf3
O-O-O 9. g3 Nxe5 10. Nxe5 Qxe5 11. Bg2 d3 12. Bf4 Qxe2+ 13. Qxe2 dxe2 14. Be3 a6
15. Kxe2 Ne7 16. h4 Nc6 17. Rhd1 Be7 18. Bd5 Rhf8 19. Rab1 Ne5 20. Rbc1 h6 21.
Rc2 c6 22. Bg2 Rxd1 23. Kxd1 g5 24. f4 Ng4 25. Bh3 f5 26. Bxg4 fxg4 27. hxg5
hxg5 28. fxg5 Rg8 29. Rd2 Bxg5 30. Bxg5 Rxg5 31. Rd4 Kc7 32. Kd2 b5 33. Ke3 bxc4
34. Rxc4 Kd6 35. Kf4 Rg8 36. Ra4 Ra8 37. Kxg4 c5 38. Kf3 Kd5 39. g4 c4 40. Rb4
Rc8 41. a4 Kc5 42. Rb7 Kc6 43. Re7 Kc5 44. g5 Kb4 45. Re3 Kxa4 46. Ra3+ Kb5 47.
Kg4 a5 48. g6 Rd8 49. Rg3 Kb4 50. Kf5 Rd3 51. Rg2 Rd8 52. g7 Kb3 53. g8=Q Rxg8
54. Rxg8 Kxb2 55. Ke4 a4 56. Kd4 a3 57. Kxc4 a2 58. Rg2+ Ka3 59. Rg1 1/2-1/2

[Event "TCh-CZE Liga 1 Zapad"]
[Site "Czech Rep CZE"]
[Date "2012.02.12"]
[Round "8.6"]
[White "Urban,Z"]
[Black "Juptner,J"]
[Result "1/2-1/2"]
[WhiteTitle "CM"]
[BlackTitle "FM"]
[WhiteElo "2176"]
[BlackElo "2318"]
[WhiteTeam "SK AD Jicin"]
[BlackTeam "TJ Slavia Hradec Kralove"]
[WhiteFideId "312754"]
[BlackFideId "314587"]
[EventDate "2011.10.02"]

1. d4 Nf6 2. c4 g6 3. Nc3 Bg7 4. e4 d6 5. Nf3 O-O 6. Be2 Na6 7. O-O e5 8. Re1 c6
9. h3 exd4 10. Nxd4 Nc5 11. Bf3 Nfd7 12. b4 Qf6 13. Be3 Ne6 14. Nxe6 Qxe6 15.
Rc1 Qxc4 16. Nd5 Qxa2 17. Ne7+ Kh8 18. Qxd6 Ne5 19. Bd4 Qe6 20. Nxc8 Raxc8 21.
Bxe5 Bxe5 22. Qxe6 fxe6 23. Red1 Rcd8 24. Kf1 Bd4 25. Rc2 e5 26. Bg4 Rf6 27. Rd3
h5 28. Bd1 Rfd6 29. Be2 h4 30. Rf3 Kg7 31. g3 hxg3 32. fxg3 Bb6 33. b5 cxb5 34.
Bxb5 Rd4 35. Bc4 Rxe4 36. Rf7+ Kh6 37. h4 Rc8 38. Bd3 Rxc2 39. Bxe4 Rc4 40. Bxb7
e4 41. g4 a5 42. Re7 Bd8 43. Re6 Bxh4 44. Bxe4 Kg5 45. Rxg6+ Kf4 46. Bd3 Ra4 47.
Re6 Ra2 48. Re2 Ra3 49. Bb5 a4 50. Rc2 Rf3+ 51. Ke2 a3 52. Kd2 Bf6 53. Bc4 Ke4
54. Be2 Bg5+ 55. Kd1 Rb3 56. Bc4 Rb1+ 57. Ke2 Bf6 58. Bd3+ Kd5 59. Rc5+ Kxc5 60.
Bxb1 Kc4 1/2-1/2

[Event "TCh-CZE Liga 1 Zapad"]
[Site "Czech Rep CZE"]
[Date "2012.02.12"]
[Round "8.7"]
[White "Prymula,R"]
[Black "Novotny,Jar1"]
[Result "1-0"]
[WhiteTitle "FM"]
[WhiteElo "2255"]
[BlackElo "2173"]
[WhiteTeam "TJ Slavia Hradec Kralove"]
[BlackTeam "SK AD Jicin"]
[WhiteFideId "301574"]
[BlackFideId "303321"]
[EventDate "2011.10.02"]

1. d4 d5 2. Bg5 h6 3. Bh4 c6 4. c3 Bf5 5. e3 Qb6 6. Qb3 Nd7 7. Nd2 e6 8. f3 Be7
9. Bxe7 Nxe7 10. e4 Bh7 11. Nh3 O-O 12. Nf2 e5 13. Qxb6 axb6 14. dxe5 Nxe5 15.
f4 dxe4 16. Ndxe4 Nd7 17. O-O-O Nc5 18. Nxc5 bxc5 19. Rd7 Rxa2 20. Bc4 Ra1+ 21.
Kd2 Rxh1 22. Nxh1 Nd5 23. Bxd5 cxd5 24. Nf2 Rc8 25. Rxd5 Kf8 26. f5 Ke7 27. Ne4
b6 28. Ke3 Rd8 29. f6+ gxf6 30. Rxd8 Kxd8 31. Nxf6 Bc2 32. Kf4 Kc7 33. Ng8 h5
34. Kg5 Bd1 35. Nf6 Kd6 36. h4 b5 37. Nxh5 Kd5 38. Nf6+ Kc4 39. Nd7 b4 40. h5
Ba4 41. Nb6+ 1-0

[Event "TCh-CZE Liga 1 Zapad"]
[Site "Czech Rep CZE"]
[Date "2012.02.12"]
[Round "8.8"]
[White "Duczynski,M"]
[Black "Vacek,Ma"]
[Result "1-0"]
[BlackTitle "FM"]
[WhiteElo "2139"]
[BlackElo "2259"]
[WhiteTeam "SK AD Jicin"]
[BlackTeam "TJ Slavia Hradec Kralove"]
[WhiteFideId "314013"]
[BlackFideId "307092"]
[EventDate "2011.10.02"]

1. d4 d6 2. e4 Nf6 3. Nc3 g6 4. Be3 c6 5. Qd2 b5 6. Bd3 Nbd7 7. Nf3 Nb6 8. b3 h6
9. h3 Bg7 10. O-O a5 11. Ne2 d5 12. e5 Ne4 13. Qc1 Bf5 14. Nh2 f6 15. g4 fxe5
16. gxf5 gxf5 17. f4 exd4 18. Bxd4 Bxd4+ 19. Nxd4 Rg8+ 20. Ng4 fxg4 21. Qe3
gxh3+ 22. Kh1 Qd7 23. Bxe4 dxe4 24. Qxe4 Qd5 25. Rae1 Rg6 26. f5 Rf6 27. Ne6 Rc8
28. Kh2 Qxe4 29. Rxe4 Nd5 30. c4 Nc7 31. Nc5 Kf7 32. Kxh3 Ne8 33. Nd7 Rd6 34.
Ne5+ Kg7 35. Rg1+ Kh7 36. Ng6 e5 37. Nf8+ Kh8 38. Ng6+ Kh7 39. Nf8+ Kh8 40. Ng6+
Kh7 41. Rxe5 Rd3+ 42. Kh2 Rd2+ 43. Kh1 Nd6 44. Re7+ Kg8 45. Rd7 Re8 46. f6 1-0

[Event "TCh-CZE Liga 1 Zapad"]
[Site "Czech Rep CZE"]
[Date "2012.02.12"]
[Round "8.2"]
[White "Dolezal,Ra1"]
[Black "Netusil,M"]
[Result "1-0"]
[WhiteTitle "IM"]
[BlackTitle "FM"]
[WhiteElo "2393"]
[BlackElo "2318"]
[WhiteTeam "TJ Pankrac"]
[BlackTeam "SK Sokol Vysehrad"]
[WhiteFideId "304735"]
[BlackFideId "301183"]
[EventDate "2011.10.02"]

1. c4 e5 2. Nc3 Bb4 3. g3 Bxc3 4. bxc3 Nc6 5. Bg2 Nf6 6. d3 h6 7. Nf3 e4 8. Nd4
O-O 9. dxe4 Re8 10. f3 d6 11. O-O Na5 12. c5 dxc5 13. Nb3 Qxd1 14. Rxd1 Nxb3 15.
axb3 Be6 16. c4 a5 17. e5 Nh7 18. f4 Rad8 19. Rxd8 Rxd8 20. Bxb7 f6 21. Be3 fxe5
22. Rxa5 Rd1+ 23. Kg2 Rb1 24. Bxc5 exf4 25. Ra8+ Kf7 26. Be4 Bh3+ 27. Kxh3 Ng5+
28. Kg4 Nxe4 29. Rc8 fxg3 30. hxg3 Rxb3 31. Rxc7+ Ke6 32. Re7+ 1-0

[Event "TCh-CZE Liga 1 Zapad"]
[Site "Czech Rep CZE"]
[Date "2012.02.12"]
[Round "8.3"]
[White "Vlasak,Lu"]
[Black "Polasek,J"]
[Result "1/2-1/2"]
[WhiteTitle "FM"]
[BlackTitle "IM"]
[WhiteElo "2319"]
[BlackElo "2309"]
[WhiteTeam "SK Sokol Vysehrad"]
[BlackTeam "TJ Pankrac"]
[WhiteFideId "324752"]
[BlackFideId "300411"]
[EventDate "2011.10.02"]

1. e4 c5 2. Nf3 Nf6 3. e5 Nd5 4. Nc3 e6 5. Nxd5 exd5 6. d4 Nc6 7. dxc5 Bxc5 8.
Qxd5 d6 9. exd6 Qb6 10. Qe4+ Be6 11. Bc4 Bxf2+ 12. Ke2 O-O 13. Bxe6 Rae8 14. Ng5
Rxe6 15. Nxe6 Re8 16. Rf1 Rxe6 17. Qxe6 fxe6 18. Rxf2 Qb5+ 19. Ke1 Qe5+ 20. Kf1
Qxh2 21. d7 Qh1+ 22. Ke2 e5 23. b3 Qh5+ 24. Ke1 Qh1+ 25. Ke2 Qh5+ 26. Ke1 Qh1+
27. Ke2 1/2-1/2

[Event "TCh-CZE Liga 1 Zapad"]
[Site "Czech Rep CZE"]
[Date "2012.02.12"]
[Round "8.4"]
[White "Svoboda,S"]
[Black "Tichy,Vl"]
[Result "1/2-1/2"]
[WhiteTitle "FM"]
[BlackTitle "IM"]
[WhiteElo "2285"]
[BlackElo "2257"]
[WhiteTeam "TJ Pankrac"]
[BlackTeam "SK Sokol Vysehrad"]
[WhiteFideId "14903563"]
[BlackFideId "300438"]
[EventDate "2011.10.02"]

1. e4 e5 2. Nf3 Nf6 3. Nxe5 d6 4. Nf3 Nxe4 5. Nc3 Nxc3 6. dxc3 Nc6 7. Bf4 Bg4 8.
Qd3 Qd7 9. O-O-O O-O-O 10. h3 Bf5 11. Qd2 a6 12. Be2 h6 13. Nd4 Nxd4 14. cxd4 d5
15. Bd3 Bxd3 16. Qxd3 Bd6 17. Bxd6 Qxd6 18. Rhe1 Qf4+ 19. Qe3 Qxe3+ 20. Rxe3
Rhe8 21. Rde1 Kd7 22. Re5 Rxe5 23. Rxe5 c6 24. Kd2 1/2-1/2

[Event "TCh-CZE Liga 1 Zapad"]
[Site "Czech Rep CZE"]
[Date "2012.02.12"]
[Round "8.5"]
[White "Vanek,P"]
[Black "Dvorak,T"]
[Result "1/2-1/2"]
[BlackTitle "FM"]
[WhiteElo "2205"]
[BlackElo "2280"]
[WhiteTeam "SK Sokol Vysehrad"]
[BlackTeam "TJ Pankrac"]
[WhiteFideId "305324"]
[BlackFideId "311650"]
[EventDate "2011.10.02"]

1. e4 c5 2. Nf3 Nc6 3. Bb5 g6 4. O-O Bg7 5. c3 Nf6 6. Qe2 O-O 7. e5 Ne8 8. d4
cxd4 9. cxd4 d6 10. Bxc6 bxc6 11. Nc3 Qb6 12. Re1 Nc7 13. Be3 Nd5 14. exd6 Nxc3
15. bxc3 exd6 16. Bf4 c5 17. Rab1 Qc6 18. Qb5 Qxb5 19. Rxb5 Bd7 20. Ra5 cxd4 21.
cxd4 Rfd8 22. Bxd6 Bc6 23. Bc5 Bxf3 24. gxf3 Bxd4 25. Bxd4 Rxd4 26. Re7 a6 27.
Rc7 1/2-1/2

[Event "TCh-CZE Liga 1 Zapad"]
[Site "Czech Rep CZE"]
[Date "2012.02.12"]
[Round "8.6"]
[White "Tupy,M"]
[Black "Chalupa,I"]
[Result "1/2-1/2"]
[WhiteElo "2264"]
[BlackElo "2139"]
[WhiteTeam "TJ Pankrac"]
[BlackTeam "SK Sokol Vysehrad"]
[WhiteFideId "306878"]
[BlackFideId "318833"]
[EventDate "2011.10.02"]

1. d4 d5 2. c4 e6 3. Nc3 c5 4. cxd5 exd5 5. Nf3 Nc6 6. g3 Nf6 7. Bg2 Be7 8. O-O
O-O 9. Bg5 c4 10. Ne5 Be6 11. Nxc6 bxc6 12. b3 Qa5 13. Qc2 Rac8 14. Na4 c5 15.
Nxc5 Bxc5 16. dxc5 Qxc5 17. Bxf6 gxf6 18. Rfd1 Rfd8 19. e3 d4 20. exd4 Rxd4 21.
Rxd4 Qxd4 22. Rd1 Qe5 23. bxc4 Rxc4 24. Qd2 Kg7 25. Bd5 Bxd5 1/2-1/2

[Event "TCh-CZE Liga 1 Zapad"]
[Site "Czech Rep CZE"]
[Date "2012.02.12"]
[Round "8.7"]
[White "Filipi,S"]
[Black "Vokoun,J"]
[Result "0-1"]
[BlackTitle "FM"]
[WhiteElo "2136"]
[BlackElo "2161"]
[WhiteTeam "SK Sokol Vysehrad"]
[BlackTeam "TJ Pankrac"]
[WhiteFideId "319600"]
[BlackFideId "301647"]
[EventDate "2011.10.02"]

1. e4 g6 2. d4 Bg7 3. Nc3 c6 4. Be3 b5 5. Qd2 d6 6. Nge2 Bb7 7. f3 Nd7 8. h4 h5
9. g4 hxg4 10. fxg4 Ngf6 11. g5 b4 12. gxf6 bxc3 13. Nxc3 Bxf6 14. O-O-O Qa5 15.
Bc4 Nb6 16. Bb3 c5 17. dxc5 dxc5 18. Rhf1 c4 19. Ba4+ Nxa4 20. Qd7+ Kf8 21. Qxb7
Nxc3 22. bxc3 Qa3+ 23. Qb2 Qxb2+ 24. Kxb2 Rb8+ 25. Kc1 Bxc3 26. Rd7 Rxh4 27.
Rxe7 Bb2+ 28. Kd1 Rd8+ 29. Ke1 Bc3+ 30. Kf2 Kxe7 31. Kg3 Rxe4 32. Bg5+ f6 0-1

[Event "TCh-CZE Liga 1 Zapad"]
[Site "Czech Rep CZE"]
[Date "2012.02.12"]
[Round "8.8"]
[White "Reznicek,T"]
[Black "Rut,Vojtech"]
[Result "1-0"]
[WhiteTitle "FM"]
[WhiteElo "2242"]
[BlackElo "1998"]
[WhiteTeam "TJ Pankrac"]
[BlackTeam "SK Sokol Vysehrad"]
[WhiteFideId "307130"]
[BlackFideId "333190"]
[EventDate "2011.10.02"]

1. e4 c5 2. Nf3 e6 3. b3 b6 4. Bb2 Bb7 5. d3 d5 6. exd5 Qxd5 7. Nc3 Qd8 8. d4
Nf6 9. dxc5 Qxd1+ 10. Rxd1 Bxc5 11. Nb5 Na6 12. Be2 O-O 13. a3 Nd5 14. c4 Nf4
15. Rd7 Bc6 16. Rxa7 Nxg2+ 17. Kf1 Nh4 18. Rg1 Ng6 19. h4 Rxa7 20. Nxa7 Bxf3 21.
Bxf3 f6 22. h5 Ne5 23. Ke2 Nc7 24. Be4 h6 25. Rd1 Rf7 26. f4 Nd7 27. Bg6 Re7 28.
Nc6 Kf8 29. b4 1-0

[Event "TCh-CZE Liga 1 Zapad"]
[Site "Czech Rep CZE"]
[Date "2012.02.12"]
[Round "8.3"]
[White "Kubecka,D"]
[Black "Vokac,M"]
[Result "0-1"]
[WhiteTitle "FM"]
[BlackTitle "GM"]
[WhiteElo "2256"]
[BlackElo "2471"]
[WhiteTeam "OAZA Praha"]
[BlackTeam "SK Mahrla Praha"]
[WhiteFideId "307041"]
[BlackFideId "300101"]
[EventDate "2011.10.02"]

1. e4 c5 2. Nc3 Nc6 3. f4 g6 4. Nf3 Bg7 5. Bb5 d6 6. O-O Bd7 7. d3 Nd4 8. Bxd7+
Qxd7 9. Be3 Nh6 10. h3 f5 11. Qd2 Nxf3+ 12. Rxf3 O-O 13. Re1 b6 14. Rf2 Rad8 15.
Rfe2 Rfe8 16. e5 e6 17. Bf2 dxe5 18. fxe5 Nf7 19. g4 Bh6 20. Qd1 Ng5 21. Re3 f4
22. Rf3 Qc6 23. Kg2 Rf8 24. h4 Nxf3 25. Qxf3 Qxf3+ 26. Kxf3 Bg7 27. Bg1 h5 28.
Bh2 hxg4+ 29. Kxg4 c4 30. dxc4 f3 31. Rf1 Rd4+ 32. Kh3 Rxc4 33. Rf2 Rf5 34. Nb5
Bxe5 35. Bxe5 Rxe5 36. Nxa7 Ra5 0-1

[Event "TCh-CZE Liga 1 Zapad"]
[Site "Czech Rep CZE"]
[Date "2012.02.12"]
[Round "8.4"]
[White "Orsag,Mil1"]
[Black "Erneker,J"]
[Result "1/2-1/2"]
[WhiteTitle "IM"]
[WhiteElo "2407"]
[BlackElo "2251"]
[WhiteTeam "SK Mahrla Praha"]
[BlackTeam "OAZA Praha"]
[WhiteFideId "300853"]
[BlackFideId "320951"]
[EventDate "2011.10.02"]

1. d4 d5 2. Nf3 Nf6 3. g3 Bf5 4. Bg2 h6 5. c4 c6 6. Nc3 e6 7. O-O Be7 8. b3 O-O
9. Bb2 Nbd7 10. Nd2 Qb6 11. e4 dxe4 12. Ndxe4 Rfd8 13. Qe2 Nxe4 14. Nxe4 Nf6 15.
Nd2 c5 16. dxc5 Bxc5 17. Bxf6 gxf6 18. Ne4 Bd4 19. Rad1 Kg7 20. c5 Bxc5 21. Nxc5
Qxc5 22. Bxb7 Rab8 23. Bg2 Qa5 24. Qb2 Rbc8 25. Rxd8 Rxd8 26. b4 Rb8 27. a3 Qa4
28. Rc1 Rd8 29. Bc6 Qa6 30. b5 Qa4 31. Qb4 Qxb4 32. axb4 Rd4 33. Ra1 Be4 34.
Bxe4 Rxe4 35. Rxa7 Rxb4 36. Rb7 e5 37. h4 1/2-1/2

[Event "TCh-CZE Liga 1 Zapad"]
[Site "Czech Rep CZE"]
[Date "2012.02.12"]
[Round "8.5"]
[White "Straka,V"]
[Black "Kolago,M"]
[Result "1/2-1/2"]
[WhiteElo "2246"]
[BlackElo "2351"]
[WhiteTeam "OAZA Praha"]
[BlackTeam "SK Mahrla Praha"]
[WhiteFideId "312509"]
[BlackFideId "1113330"]
[EventDate "2011.10.02"]

1. d4 g6 2. Nf3 Bg7 3. c4 d6 4. Nc3 Nd7 5. e4 e5 6. Be2 a5 7. O-O Ngf6 8. Re1
O-O 9. Be3 Re8 10. d5 Ng4 11. Bg5 f6 12. Bh4 Nc5 13. Nd2 Qd7 14. Bf1 f5 15. f3
Nf6 16. Bf2 b6 17. b3 Bh6 18. Rb1 Qf7 19. a3 fxe4 20. b4 axb4 21. axb4 Nd3 22.
Bxd3 exd3 23. Nde4 Nxe4 24. Nxe4 Ra3 25. Rb3 Rxb3 26. Qxb3 d2 27. Re2 Bb7 28.
Nxd2 b5 29. Ne4 Kh8 30. Nc3 c6 31. c5 dxc5 32. bxc5 Re7 33. Qb2 cxd5 34. Nxb5
Qf6 35. Nd6 Ba6 36. Qb8+ Qf8 37. Qxf8+ Bxf8 38. Rxe5 Rxe5 39. Nf7+ Kg7 40. Nxe5
Kf6 41. Nd7+ Ke7 42. c6 Bg7 43. Nb6 Kd6 44. c7 Kxc7 45. Nxd5+ Kd6 1/2-1/2

[Event "TCh-CZE Liga 1 Zapad"]
[Site "Czech Rep CZE"]
[Date "2012.02.12"]
[Round "8.7"]
[White "Cuhra,M"]
[Black "Forman,S"]
[Result "1-0"]
[BlackTitle "FM"]
[WhiteElo "2169"]
[BlackElo "2331"]
[WhiteTeam "OAZA Praha"]
[BlackTeam "SK Mahrla Praha"]
[WhiteFideId "327735"]
[BlackFideId "311677"]
[EventDate "2011.10.02"]

1. e4 e6 2. d3 c5 3. g3 d5 4. Nd2 g6 5. Bg2 Bg7 6. Ngf3 Ne7 7. O-O Nbc6 8. Re1
h6 9. a3 O-O 10. Rb1 b5 11. c4 dxc4 12. dxc4 bxc4 13. Nxc4 Qxd1 14. Rxd1 Ba6 15.
Bf1 Rad8 16. Be3 Nd4 17. Nxd4 cxd4 18. Bf4 Nc8 19. b4 g5 20. Bd2 d3 21. b5 Bb7
22. Bb4 Rfe8 23. Bxd3 Rxd3 24. Rxd3 Bxe4 25. Rbd1 Bxd3 26. Rxd3 e5 27. Rd7 e4
28. Bc5 f5 29. a4 f4 30. gxf4 gxf4 31. Kg2 Nb6 32. Nxb6 axb6 33. Bxb6 Re6 34. a5
e3 35. fxe3 fxe3 36. a6 Rg6+ 37. Kh3 e2 38. Ba5 1-0

[Event "TCh-CZE Liga 1 Zapad"]
[Site "Czech Rep CZE"]
[Date "2012.02.12"]
[Round "8.8"]
[White "Fajman,P"]
[Black "Pirklova,H"]
[Result "1-0"]
[WhiteElo "2269"]
[BlackElo "2107"]
[WhiteTeam "SK Mahrla Praha"]
[BlackTeam "OAZA Praha"]
[WhiteFideId "309826"]
[BlackFideId "313777"]
[EventDate "2011.10.02"]

1. d4 Nf6 2. c4 g6 3. Nc3 Bg7 4. e4 d6 5. f3 O-O 6. Bg5 h6 7. Be3 e5 8. d5 Nbd7
9. Nge2 Ne8 10. g4 c6 11. Ng3 Qa5 12. Be2 cxd5 13. cxd5 a6 14. h4 b5 15. Qd2 Kh7
16. Kf2 Bb7 17. h5 g5 18. a4 bxa4 19. Rxa4 Qd8 20. Rha1 Nc7 21. Nf5 Nf6 22. Bb6
Qd7 23. Kg2 Nfe8 24. Rb4 Bc8 25. Bf2 Qd8 26. Ne3 Bd7 27. Nc4 Rb8 28. Rxb8 Qxb8
29. Nb6 Bb5 30. Nxb5 Nxb5 31. Bxb5 axb5 32. Nd7 1-0

[Event "TCh-CZE Liga 1 Zapad"]
[Site "Czech Rep CZE"]
[Date "2012.02.12"]
[Round "8.1"]
[White "Turner,Ja"]
[Black "Kulhanek,T"]
[Result "1/2-1/2"]
[BlackTitle "IM"]
[WhiteElo "2395"]
[BlackElo "2371"]
[WhiteTeam "Sakal Kozolupy"]
[BlackTeam "1. Novoborsky SK B"]
[WhiteFideId "308560"]
[BlackFideId "309656"]
[EventDate "2011.10.02"]

1. b3 d5 2. Bb2 c6 3. Nf3 Nf6 4. g3 Bg4 5. Bg2 Nbd7 6. d3 e6 7. O-O a5 8. a3 Bc5
9. Nbd2 O-O 10. e4 dxe4 11. dxe4 e5 12. h3 Bh5 13. Qe1 Re8 14. Nc4 Qc7 15. Bc3
Bxf3 16. Bxf3 a4 17. b4 Bd4 18. Rd1 b5 19. Ne3 Rad8 20. Bd2 g6 21. c3 Ba7 22.
Qe2 h5 23. Kg2 Nf8 24. Be1 Ne6 25. h4 Qb6 1/2-1/2

[Event "TCh-CZE Liga 1 Zapad"]
[Site "Czech Rep CZE"]
[Date "2012.02.12"]
[Round "8.3"]
[White "Novak,Pa1"]
[Black "Kucera,P1"]
[Result "1/2-1/2"]
[BlackTitle "FM"]
[WhiteElo "2370"]
[BlackElo "2386"]
[WhiteTeam "Sakal Kozolupy"]
[BlackTeam "1. Novoborsky SK B"]
[WhiteFideId "309192"]
[BlackFideId "300551"]
[EventDate "2011.10.02"]

1. e4 e6 2. d4 d5 3. Nc3 Nf6 4. Bg5 Bb4 5. exd5 Qxd5 6. Bxf6 gxf6 7. Qd3 Nc6 8.
O-O-O Bxc3 9. Qxc3 Bd7 10. Nf3 O-O-O 11. Bc4 Qa5 12. Qe3 Nb4 13. Kb1 Rhg8 14. a3
Nd5 15. Bxd5 Qxd5 16. g3 Bc6 17. Rd3 Rg4 18. Rhd1 Re4 19. Qh6 Re2 20. R1d2 Rxd2
21. Qxd2 Qf5 22. Qe3 Qh3 23. Ka2 Bd5+ 24. b3 h5 25. Kb2 Qg4 26. Nh4 f5 27. f3
Qg7 28. Qe5 Qg5 29. Ng2 b6 30. Rc3 Rd7 31. Nf4 Bb7 32. Rd3 h4 33. Qh8+ Rd8 34.
Qxh4 Qxh4 35. gxh4 Rh8 36. h5 Kd7 37. Kc3 Kd6 38. Kd2 Bc6 39. Ke3 Be8 40. c4 f6
41. Rd2 Bxh5 42. Rg2 Rh7 1/2-1/2

[Event "TCh-CZE Liga 1 Zapad"]
[Site "Czech Rep CZE"]
[Date "2012.02.12"]
[Round "8.4"]
[White "Stastny,J"]
[Black "Gross,Dav CZE"]
[Result "1/2-1/2"]
[BlackTitle "IM"]
[WhiteElo "2246"]
[BlackElo "2391"]
[WhiteTeam "1. Novoborsky SK B"]
[BlackTeam "Sakal Kozolupy"]
[WhiteFideId "312606"]
[BlackFideId "305251"]
[EventDate "2011.10.02"]

1. e4 e5 2. Nf3 Nc6 3. d4 exd4 4. Nxd4 Bc5 5. Nxc6 Qf6 6. Qd2 dxc6 7. Bd3 Be6 8.
O-O O-O-O 9. Nc3 Ne7 10. Kh1 Qh4 11. Qe2 Rhe8 12. Be3 Bxe3 13. Qxe3 Kb8 14. Rfe1
Ng6 15. g3 Qh5 16. f4 Bg4 17. Be2 f6 18. Bxg4 Qxg4 19. Rad1 1/2-1/2

[Event "TCh-CZE Liga 1 Zapad"]
[Site "Czech Rep CZE"]
[Date "2012.02.12"]
[Round "8.5"]
[White "Fiala,R"]
[Black "Vaculik,M"]
[Result "1-0"]
[BlackTitle "FM"]
[WhiteElo "2288"]
[BlackElo "2247"]
[WhiteTeam "Sakal Kozolupy"]
[BlackTeam "1. Novoborsky SK B"]
[WhiteFideId "312185"]
[BlackFideId "310751"]
[EventDate "2011.10.02"]

1. Nf3 Nf6 2. g3 g6 3. Bg2 Bg7 4. O-O c5 5. c4 O-O 6. Nc3 d6 7. d4 cxd4 8. Nxd4
a6 9. h3 Ra7 10. Be3 b6 11. Qd2 Bb7 12. Nf3 Nbd7 13. Bh6 Qa8 14. Bxg7 Kxg7 15.
b3 Ne5 16. Qe3 Rb8 17. Rfd1 b5 18. c5 Nxf3+ 19. exf3 dxc5 20. Qxc5 Rc8 21. Qd4
Kg8 22. a4 b4 23. Ne4 Nd5 24. h4 a5 25. h5 Nc3 26. Nxc3 bxc3 27. h6 f6 28. Rd3
c2 29. Rc1 Ra6 30. Qd7 Kf8 31. Re3 Re8 32. Rxc2 Rd6 33. Qc7 Rd1+ 34. Kh2 Bd5 35.
Rc5 g5 36. Rxa5 Qc6 37. Qxc6 Bxc6 38. Bh3 Kf7 39. Bf5 g4 40. Bxg4 1-0

[Event "TCh-CZE Liga 1 Zapad"]
[Site "Czech Rep CZE"]
[Date "2012.02.12"]
[Round "8.6"]
[White "Oresky,J"]
[Black "Cesal,J"]
[Result "1-0"]
[BlackTitle "FM"]
[WhiteElo "2227"]
[BlackElo "2211"]
[WhiteTeam "1. Novoborsky SK B"]
[BlackTeam "Sakal Kozolupy"]
[WhiteFideId "328693"]
[BlackFideId "300900"]
[EventDate "2011.10.02"]

1. e4 g6 2. d4 Bg7 3. Nc3 d6 4. Be3 Nf6 5. Qd2 c6 6. f3 b5 7. Bd3 Nbd7 8. h4 h5
9. Nce2 Bb7 10. Nh3 a6 11. Ng5 Rc8 12. c3 c5 13. O-O O-O 14. Rac1 e6 15. Bb1 Nh7
16. Ng3 Nxg5 17. Bxg5 Qb6 18. dxc5 Nxc5 19. Be3 Qc7 20. f4 d5 21. e5 Qe7 22. Qf2
Ne4 23. Nxe4 dxe4 24. b4 Rfd8 25. Bd4 Bd5 26. g3 Bf8 27. Qe3 Qb7 28. Rfe1 Rc4
29. a3 Ra8 30. Rcd1 a5 31. Bxe4 Bxe4 32. Qxe4 Qxe4 33. Rxe4 axb4 34. axb4 Ra3
35. Re2 Rc8 36. Red2 Be7 37. Kf2 Kg7 38. Ke2 Rc6 39. Rb2 Rc8 40. Rdd2 Rc4 41.
Rdc2 Kf8 42. Kd2 Ke8 43. Rb1 Kd7 44. Kc1 Kc6 45. Kb2 Ra4 46. Rd1 Ra8 47. Rcd2
Rd8 48. Be3 Rxd2+ 49. Rxd2 Re4 50. Rd3 Bd8 51. Kb3 Bc7 52. Kc2 Rc4 53. Kd2 Re4
54. Bc5 Rc4 55. Ke3 Ba5 56. Rd6+ Kc7 57. Bd4 Rxd4 58. Rxd4 Bb6 59. Ke4 Bxd4 60.
cxd4 Kc6 61. d5+ Kd7 62. Kd4 1-0